000 00334nam a2200145Ia 4500
008 191201s2004 xx 000 0 und d
082 _a746.92
_bEAF
100 _aEASEY, Mike
245 0 _aFashion Marketing
250 _a2nd
260 _aN.Delhi
_bOm book Service
_c2004
300 _a196
650 _aB.Tech(TE)
942 _2ddc
_cBK
999 _c2336
_d2336